Score 0/20 Timer 05:00
6 Plays Today
% Correct
Cop Surrenders To Car
94.6%
Unusually Large, Ugly
Baby Born
94.1%
Local Man Thinks
Wrestling Is Real
92.8%
Mayor Unveils Erection
92.6%
Ants, Picknickers
Reach Accord
92.2%
Hot Dog Eating Contest
90.8%
Old Man Wins
Miss Teen America
90.6%
Baby Saved by
Local Hero
90.6%
Squirrel Resembling
Lincoln Found
89.5%
The Truth About Carl
He's Great!
89.2%
% Correct
Closed Pistachio
Stymies Fatso
88.7%
NAHASAPEEMAPETILAN-
TASTIC!
88.5%
Mutation Caught
88.2%
Burns' Birthday
88.2%
Man Loses Pants, Life
Beaver Rescue
86.3%
President Simpson
Wins Super Bowl
85.8%
Chowder Said Wrong
85.4%
Supervillain Seizes
East Coast
84.4%
Homer Wins Award
and $2,000 Check
65.2%
Big Fat Man Has
Big Fat Heart
62.7%
Remove Ads.
Support Sporcle.
Get the best of Sporcle when you Go Orange. This ad-free experience offers more features, more stats, and more fun while also helping to support Sporcle. Thank you for becoming a member.

You're not logged in!

Compare scores with friends on all Sporcle quizzes.
OR
Log In

Show Comments

Extras

Top Quizzes Today


Score Distribution

Your Account Isn't Verified!

In order to create a playlist on Sporcle, you need to verify the email address you used during registration. Go to your Sporcle Settings to finish the process.

Report this User

Report this user for behavior that violates our Community Guidelines.

Details: